024_ Personnalités nées un 24 janvier par images - Statistiques

Statistiques générales
  • Ce quiz a été pris 29 fois
  • Le résultat moyen est 2 sur 9
Statistiques - réponses
Par images Hint Réponse % Correct
Footballeur Luis Suárez
72%
Acteur Daniel Auteuil
62%
Dirigeant Politique Hadrien
14%
Judokate Shirine Boukli
14%
Dirigeant Politique Moon Jae-in
7%
Pirate Henry Morgan
3%
Chanteur Klaus Nomi
3%
Politicien Maurice Couve de Murville
3%
Écrivain René Barjavel
0%
Aucun quiz correspondant
Distribution des résultats
% des personnes avec chaque résultat
Percentile par nombre de réponses
Votre historique - résultats
Vous n’avez pas pris ce quiz